000 01773aas a2200253 4500
999 _c994
_d994
003 BR-BrBNA
005 20230317233001.0
007 ta
008 230119b bl ||||| |||| 00| 0 por d
022 _a0100-5111
035 _a000485-5
040 _aBR-BrBNA
_bPor
_cBR-BrBNA
042 _a039007-0
044 _abl
245 _aInstruções Práticas - Coordenadoria de Assistência Técnica Integral (Brazil)
260 _aCampinas-SP
_bCoordenadoria de Assistencia Tecnica Integral
_c1971
_eBSP
270 _aAv. Brasil, 2340 - Caixa Postal 960 - 13001-970
310 _airregular
500 _aVariação de Título: Instrução Prática
505 _a1971 (89,96); 1972 (91,107,111,113-114,117); 1973 (120,122,124,128,131,133,135-141,143-145,148,150,152,154); 1974 (149,155-156); s/d (132,161); 1976 (144,168-170,172); 1977 (136,142,153,168,173,175-182,184,187); 1978 (148,183 3ºed,191-193,195-196); 1979 (136,153,169 3ºed,174,188,190,197-202,204-205,208); 1980 (168,178,190,192 2ºed.,209); 1981 (211-215); 1982 (194 2.ed.,217-218); 1983 (206,210,216,219-226); 1984 (178); 1985 (228,230-231); 1986 (136,142,153,190,229,232-235,237-238); 1987 (233,239); 1988 (214,219 2ºed,242-243); 1989 (181 5ºed,233 3ºed240-241,246-247,250-251); 1990 (142 3º ed,230 2ºed,236,244-245); 1991 (214 3ºed,252-255); 1992 (237,255-256); 1993 (236,239 2º ed,252 2º ed,257); 1994 (243 2º ed,250,259); 1995 (181 6ºed,228 2ºed,230,251,258 2ºed,260); 1996 (255,262-263); 1998 (257 2ºed,258 3ºed,261); 1999 (260,265); 2000 (266-267); 2001 (269); 2002 (254 2º ed,264), 2003 (270-271); 2004 (230 4º ed.,269 2º ed.); 2005 (263 2ª ed.,272); 2006 (230 5.ed.,266 2.ed.); 2007 (273); 2008 (254 3º ed.,258);
650 1 2 _gAGRICULTURA
909 _a56
_bSergio Santos
_c56
_dSergio Santos
942 _cCR
_2AGRIS